Emerging good practices: a documentation of the experiences and learning of save the children UK's programme for abused and exploited children (Record no. 364929)
[ view plain ]
| 000 -LEADER | |
|---|---|
| fixed length control field | 00598nam a22001577a 4500 |
| 003 - CONTROL NUMBER IDENTIFIER | |
| control field | 0 |
| 005 - DATE AND TIME OF LATEST TRANSACTION | |
| control field | 20230215132217.0 |
| 008 - FIXED-LENGTH DATA ELEMENTS--GENERAL INFORMATION | |
| fixed length control field | 230215b xxu||||| |||| 00| 0 eng d |
| 020 ## - INTERNATIONAL STANDARD BOOK NUMBER | |
| International Standard Book Number | 971-742-087-4 |
| 050 ## - LIBRARY OF CONGRESS CALL NUMBER | |
| Classification number | HV1307 |
| Item number | .P76 2003 |
| 245 ## - TITLE STATEMENT | |
| Title | Emerging good practices: a documentation of the experiences and learning of save the children UK's programme for abused and exploited children |
| Statement of responsibility, etc | Program on psychological trauma and human rights |
| 260 ## - PUBLICATION, DISTRIBUTION, ETC. (IMPRINT) | |
| Place of publication, distribution, etc | Quezon City, Philippines |
| Name of publisher, distributor, etc | SC (UK)- Philippines and UP CIDS PST |
| Date of publication, distribution, etc | C2003 |
| 300 ## - PHYSICAL DESCRIPTION | |
| Extent | 167pp. |
| Dimensions | 22cm. |
| 500 ## - GENERAL NOTE | |
| General note | Good practices. |
| 942 ## - ADDED ENTRY ELEMENTS (KOHA) | |
| Source of classification or shelving scheme | Library of Congress Classification |
| Koha item type | Books |
| Withdrawn status | Lost status | Source of classification or shelving scheme | Damaged status | Home library | Current library | Shelving location | Date acquired | Source of acquisition | Sub Shelving location | Total Checkouts | Full call number | Barcode | Date last seen | Price effective from | Koha item type |
|---|---|---|---|---|---|---|---|---|---|---|---|---|---|---|---|
| Library of Congress Classification | College Library | College Library | Filipiniana Section | 02/15/2023 | Donation | HV1307 .P76 2003 | C22830 | 02/15/2023 | 02/15/2023 | Books |